| 000 -LEADER |
| fixed length control field |
00801cam a2200253 a 4500 |
| 001 - CONTROL NUMBER |
| control field |
14434 |
| 003 - CONTROL NUMBER IDENTIFIER |
| control field |
BD-DhUAP |
| 005 - DATE AND TIME OF LATEST TRANSACTION |
| control field |
20200218094939.0 |
| 008 - FIXED-LENGTH DATA ELEMENTS--GENERAL INFORMATION |
| fixed length control field |
200218s2015 bg b 001 0 eng |
| 020 ## - INTERNATIONAL STANDARD BOOK NUMBER |
| International Standard Book Number |
9789849067184 |
| 040 ## - CATALOGING SOURCE |
| Original cataloging agency |
DLC |
| Transcribing agency |
DLC |
| Language of cataloging |
Eng |
| Modifying agency |
BD-DhUAP |
| 082 ## - DEWEY DECIMAL CLASSIFICATION NUMBER |
| Edition number |
23 |
| Classification number |
363.325 HAL |
| 100 1# - MAIN ENTRY--PERSONAL NAME |
| Personal name |
Halim, Md. Abdul. |
| 245 10 - TITLE STATEMENT |
| Title |
Terrorism and Counter-Terrorism : |
| Remainder of title |
legal issues, challenges and responses / |
| Statement of responsibility, etc. |
Md. Abdul Halim and Farhana Helal Mehtab. |
| 250 ## - EDITION STATEMENT |
| Edition statement |
1st ed. |
| 260 ## - PUBLICATION, DISTRIBUTION, ETC. |
| Place of publication, distribution, etc. |
Dhaka : |
| Name of publisher, distributor, etc. |
CCB foundation, |
| Date of publication, distribution, etc. |
c2015. |
| 300 ## - PHYSICAL DESCRIPTION |
| Extent |
364 pages ; |
| Dimensions |
23 cm. |
| 504 ## - BIBLIOGRAPHY, ETC. NOTE |
| Bibliography, etc. note |
Includes bibliographical references and index. |
| 650 ## - SUBJECT ADDED ENTRY--TOPICAL TERM |
| Topical term or geographic name entry element |
Terrorism. |
| 650 ## - SUBJECT ADDED ENTRY--TOPICAL TERM |
| Topical term or geographic name entry element |
Terrorism |
| General subdivision |
Prevention. |
| 650 ## - SUBJECT ADDED ENTRY--TOPICAL TERM |
| Topical term or geographic name entry element |
Terrorism |
| General subdivision |
Moral and ethical aspects. |
| 700 ## - ADDED ENTRY--PERSONAL NAME |
| Personal name |
Mehtab, Farhana Helal. |
| 942 ## - ADDED ENTRY ELEMENTS (KOHA) |
| Source of classification or shelving scheme |
|
| Koha item type |
Book |